|
|
|
|
| LEADER |
00000nam a22000007a 4500 |
| 005 |
20131009160516.0 |
| 007 |
cr|||| |||| |
| 008 |
131009s2011 co |||||s|||| 00||0 spa d |
| 020 |
|
|
|a 978-958-8371-37-5
|
| 035 |
|
|
|a 11528
|
| 040 |
|
|
|a vLex
|
| 090 |
|
|
|c 4520
|d 4520
|
| 245 |
1 |
0 |
|a Cartilla impuesto de industria y comercio ICA Cartagena de Indias 2011
|h [Recurso electrn̤ico] /
|c Harold Ferney Parra Ortiz
|
| 256 |
|
|
|a Servicio en ln̕ea
|
| 260 |
|
|
|a Bogot ̀:
|b ditorial Nueva Legislacin̤,
|c 2011
|
| 300 |
|
|
|a 1 recurso electrn̤ico
|
| 506 |
1 |
|
|a Contenido solo disponible en los productos indicados
|d vLex Global
|d vLex Global (Academic Edition, excluding Law Schools)
|d vLex Global (U.S. Academic Edition, Law Schools)
|d vLex Global (U.S. Academic Edition, excluding Law Schools)
|d vLex Global (Academic Edition, Law Schools)
|
| 650 |
0 |
4 |
|a Impuestos
|z Colombia
|
| 740 |
0 |
|
|a vLex Libros (Servicio en ln̕ea)
|
| 856 |
4 |
0 |
|u http://vlex.com/source/cartilla-impuesto-industria-y-comercio-ica-cartagena-indias-2011-11528
|z Accesor estringido
|
| 942 |
|
|
|c BOOK
|
| 999 |
0 |
|
|a Taxation
|